Sports Quiz

Random Sports or Baseball Quiz

Opening Day Lineups: White Sox Quiz Stats

 Plays Quiz Updated Feb 19, 2019

Score 0/290 Timer 19:00
8 Plays Today
Year Player % Correct
1991Frank Thomas
90.2%
1992Frank Thomas
90.2%
1993Frank Thomas
90.2%
1994Frank Thomas
90.2%
1995Frank Thomas
90.2%
1996Frank Thomas
90.2%
1997Frank Thomas
90.2%
1998Frank Thomas
90.2%
1999Frank Thomas
90.2%
2000Frank Thomas
90.2%
2001Frank Thomas
90.2%
2002Frank Thomas
90.2%
2003Frank Thomas
90.2%
2004Frank Thomas
90.2%
1999Paul Konerko
87.4%
2000Paul Konerko
87.4%
2003Paul Konerko
87.4%
2004Paul Konerko
87.4%
2005Paul Konerko
87.4%
2006Paul Konerko
87.4%
2007Paul Konerko
87.4%
2008Paul Konerko
87.4%
2009Paul Konerko
87.4%
2001Paul Konerko
87.4%
2002Paul Konerko
87.4%
2010Paul Konerko
87.1%
2011Paul Konerko
81.3%
2012Paul Konerko
81.3%
2013Paul Konerko
80.7%
2002Mark Buehrle
80.3%
2003Mark Buehrle
80.3%
2004Mark Buehrle
80.3%
2005Mark Buehrle
80.3%
2006Mark Buehrle
80.3%
2008Mark Buehrle
80.3%
2009Mark Buehrle
80.3%
2010Mark Buehrle
79.9%
2005A.J. Pierzynski
76.5%
2006A.J. Pierzynski
76.5%
2007A.J. Pierzynski
76.5%
2008A.J. Pierzynski
76.5%
2009A.J. Pierzynski
76.5%
2010A.J. Pierzynski
76.1%
2005Jermaine Dye
75%
2006Jermaine Dye
75%
2007Jermaine Dye
75%
2008Jermaine Dye
75%
2009Jermaine Dye
75%
2006Jim Thome
74%
2007Jim Thome
74%
2008Jim Thome
74%
2009Jim Thome
74%
2008Alexei Ramirez
73.7%
2009Alexei Ramirez
73.8%
2010Alexei Ramirez
73.5%
2014Jose Abreu
73.3%
2011Mark Buehrle
73.2%
2015Jose Abreu
72.8%
2011A.J. Pierzynski
71.5%
2012A.J. Pierzynski
71.5%
2016Jose Abreu
70.8%
2011Alexei Ramirez
70.3%
2012Alexei Ramirez
70.3%
2014Chris Sale
70%
2013Alexei Ramirez
69.8%
2015Micah Johnson
69.8%
2013Chris Sale
69.4%
2014Alexei Ramirez
68.3%
1991Lance Johnson
67.4%
1992Lance Johnson
67.4%
1993Lance Johnson
67.4%
1994Lance Johnson
67.4%
1995Lance Johnson
67.4%
2017Jose Abreu
67.1%
2000Mark Johnson
67%
2016Chris Sale
66.4%
1991Ozzie Guillen
66.1%
1992Ozzie Guillen
66.1%
1993Ozzie Guillen
66.1%
1994Ozzie Guillen
66.1%
1995Ozzie Guillen
66.1%
1996Ozzie Guillen
66.1%
1997Ozzie Guillen
66.1%
2015Alexei Ramirez
65.7%
2003Joe Crede
63.9%
2004Joe Crede
63.9%
2005Joe Crede
63.9%
2006Joe Crede
63.9%
2007Joe Crede
63.9%
2008Joe Crede
63.9%
1991Robin Ventura
62.8%
1992Robin Ventura
62.8%
1993Robin Ventura
62.8%
1994Robin Ventura
62.8%
1995Robin Ventura
62.8%
1998Robin Ventura
62.8%
1996Robin Ventura
62.8%
Year Player % Correct
2011Adam Dunn
62.4%
2012Adam Dunn
62.4%
2005Scott Podsednik
62.2%
2006Scott Podsednik
62.2%
2013Adam Dunn
61.8%
2010Gordon Beckham
61%
2018Jose Abreu
60.8%
2016Austin Jackson
60.6%
2015Leury Garcia
60.1%
2014Avisail Garcia
60%
1998Magglio Ordonez
59.7%
1999Magglio Ordonez
59.6%
2000Magglio Ordonez
59.6%
2001Magglio Ordonez
59.6%
2002Magglio Ordonez
59.6%
2003Magglio Ordonez
59.6%
2004Magglio Ordonez
59.6%
2014Adam Dunn
59.7%
2016Avisail Garcia
59.2%
2017Tim Anderson
59%
1991Jack McDowell
58.2%
1992Jack McDowell
58.2%
1993Jack McDowell
58.2%
1994Jack McDowell
58.2%
2017Avisail Garcia
57.5%
2015Melky Cabrera
57.5%
2011Gordon Beckham
56.7%
2012Gordon Beckham
56.7%
2013Gordon Beckham
56.1%
2016Melky Cabrera
55.3%
2018Tim Anderson
54.8%
1994Darrin Jackson
54.3%
1999Darrin Jackson
54.3%
2009Carlos Quentin
53.8%
2010Carlos Quentin
53.5%
1991Carlton Fisk
52.9%
2010Juan Pierre
52.9%
1992George Bell
52.7%
1993George Bell
52.7%
2002Ray Durham
52.3%
1995Ray Durham
52.3%
1996Ray Durham
52.3%
1997Ray Durham
52.3%
1998Ray Durham
52.3%
1999Ray Durham
52.3%
2000Ray Durham
52.3%
2001Ray Durham
52.3%
2018Avisail Garcia
52.1%
2000Carlos Lee
51.3%
2001Carlos Lee
51.3%
2002Carlos Lee
51.3%
2003Carlos Lee
51.3%
2004Carlos Lee
51.3%
2016Todd Frazier
51.2%
1997Albert Belle
50.9%
2015Adam Eaton
50.9%
1998Albert Belle
50.9%
2014Adam Eaton
50.9%
2017Melky Cabrera
50.8%
2006Brian Anderson
50%
2010Alex Rios
49.7%
2013Tyler Flowers
49.6%
2014Tyler Flowers
49.4%
2005Juan Uribe
49.3%
2006Juan Uribe
49.3%
2007Juan Uribe
49.3%
2008Juan Uribe
49.3%
2019Jose Abreu
49.2%
1997Harold Baines
48.7%
2003Aaron Rowand
48.6%
2004Aaron Rowand
48.6%
2005Aaron Rowand
48.6%
2016Adam Eaton
48.4%
2015Tyler Flowers
47.8%
2008Orlando Cabrera
46.6%
2001Sandy Alomar
46.3%
2002Sandy Alomar
46.3%
2003Sandy Alomar
46.3%
2004Sandy Alomar
46.3%
2017Todd Frazier
46%
2011Alex Rios
45.5%
2012Alex Rios
45.5%
2019Tim Anderson
45.3%
2017Jose Quintana
44.9%
2013Alex Rios
44.7%
2005Tadahito Iguchi
44.5%
2006Tadahito Iguchi
44.5%
2007Tadahito Iguchi
44.5%
2011Juan Pierre
43.2%
1991Tim Raines
43.2%
1992Tim Raines
43.2%
1993Tim Raines
43.2%
1994Tim Raines
43.2%
1995Tim Raines
43.2%
2018Yoan Moncada
43%
2011Carlos Quentin
42.5%
1992Ron Karkovice
41.5%
Year Player % Correct
1993Ron Karkovice
41.5%
1994Ron Karkovice
41.5%
1995Ron Karkovice
41.5%
1996Ron Karkovice
41.5%
1997Ron Karkovice
41.5%
2012Alejandro De Aza
41.4%
2012John Danks
41.2%
2019Leury Garcia
41.1%
2013Alejandro De Aza
40.9%
2007Jose Contreras
40.8%
2018Yolmer Sanchez
40.6%
1991Sammy Sosa
39.3%
2015Adam LaRoche
38.9%
2014Alejandro De Aza
38.4%
1995Alex Fernandez
38.4%
1996Alex Fernandez
38.3%
2005Carl Everett
37.8%
2018Welington Castillo
37.8%
2003Jose Valentin
37.7%
2004Jose Valentin
37.7%
2000Jose Valentin
37.7%
2001Jose Valentin
37.7%
2002Jose Valentin
37.7%
2002Kenny Lofton
37.3%
2016Dioner Navarro
37.2%
2018James Shields
36.5%
1993Joey Cora
36.2%
1994Joey Cora
36.2%
2016Jimmy Rollins
35.2%
2012Dayan Viciedo
34.5%
2019Yoan Moncada
34.4%
2013Dayan Viciedo
34.2%
2015Jeff Samardzija
33.9%
1997Dave Martinez
33.4%
2019Yolmer Sanchez
33.4%
2018Matt Davidson
32.6%
2001David Wells
32.3%
2016Brett Lawrie
32%
2000Craig Wilson
31.3%
2014Conor Gillaspie
30.4%
2010Mark Teahen
30.4%
2019Eloy Jimenez
30.4%
2009Dewayne Wise
30.2%
2008Nick Swisher
29.7%
2010Mark Kotsay
29.6%
2009Josh Fields
29.5%
2015Conor Gillaspie
28.9%
2019James McCann
28.7%
2018Adam Engel
28.4%
1992Steve Sax
28.3%
2011Brent Morel
28.2%
2012Brent Morel
28.2%
2004Willie Harris
27.5%
2017Tyler Saladino
26.9%
2009Chris Getz
26.8%
2017Jacob May
26.7%
1998Mike Cameron
26.5%
1997Jaime Navarro
26.4%
1998Jaime Navarro
26.4%
1999James Baldwin
26.3%
2017Omar Narvaez
26.2%
2001Royce Clayton
25.7%
2002Royce Clayton
25.7%
2013Jeff Keppinger
25.3%
2019Carlos Rodon
24.4%
2018Nick Delmonico
23.8%
2000Mike Sirotka
23.8%
1996Tony Phillips
23.4%
1997Tony Phillips
23.4%
2000Chris Singleton
23.1%
2019Yonder Alonso
22.9%
1993Ellis Burks
22.8%
1994Julio Franco
22.8%
2014Marcus Semien
22.7%
2007Darin Erstad
22.3%
1998Mike Caruso
22.1%
1999Mike Caruso
22.1%
2003D'Angleo Jimenez
21.7%
2001Herbert Perry
21.2%
1996Darren Lewis
21.2%
2017Cody Asche
20.9%
1991Scott Fletcher
20.5%
2007Pablo Ozuna
20.3%
1996Danny Tartabull
20.2%
2019Daniel Palka
20.1%
1998Greg Norton
19.4%
1999Greg Norton
19.4%
1999Brook Fordyce
17.7%
1995Chris Sabo
17.6%
1991Cory Snyder
15.5%
1997Chris Snopek
15.4%
1998Charlie O'Brien
15.1%
1992Mike Huff
15%
1996Lyle Mouton
14.8%
1995Mike Devereaux
14.8%
1999Jeff Abbott
14.6%

You're not logged in!

Compare scores with friends on all Sporcle quizzes.
OR
Log In

Sporcle TV

Today on Sporcle TV


Watch our educational content, quiz creation guides, and fun videos on Sporcle TV.

Show Comments

Extras

Top Quizzes Today


Score Distribution

Your Account Isn't Verified!

In order to create a playlist on Sporcle, you need to verify the email address you used during registration. Go to your Sporcle Settings to finish the process.

Report this User

Report this user for behavior that violates our Community Guidelines.

Details: